| 000 | 00371nam a2200145Ia 4500 | ||
|---|---|---|---|
| 008 | 220217s9999||||xx |||||||||||||| ||und|| | ||
| 020 | _a81-7366374-2 | ||
| 082 | _a005.43 MCC | ||
| 100 |
_aMccarty, Bill _92744 |
||
| 245 | 0 | _aLearning red hat linux | |
| 250 | _a2nd | ||
| 260 |
_aShriff publishers _bMumbai _c2000 |
||
| 300 | _b450 | ||
| 650 | _aOperating systems | ||
| 999 |
_c169909 _d169909 |
||